Statistics for Countries with their flag on the moon

Click here to take the quiz!

General Stats

  • This quiz has been taken 72 times
  • The average score is 4 of 5

Answer Stats

Answer% Correct
United States
100%
China
98%
Soviet Union
82%
Japan
80%
India
74%

Score Distribution

Percentile by Number Answered

Percent of People with Each Score

Your Score History

You have not taken this quiz